Survivor Contestants Season 5: Thailand - Statistics

General Stats
  • This quiz has been taken 116 times
  • The average score is 13 of 16
Answer Stats
Finish Contestants % Correct
Winner Brian Heidik
100%
10th Shii Ann Huang
96%
2nd Clay Jordan
94%
4th Helen Glover
90%
16th John Raymond
90%
3rd Jan Gentry
88%
5th Ted Rogers, Jr.
86%
11th Robb Zbacnik
84%
13th Ghandia Johnson
80%
7th Penny Ramsey
78%
6th Jake Billingsley
76%
8th Ken Stafford
76%
9th Erin Collins
75%
12th Stephanie Dill
67%
14th Jed Hildebrand
63%
15th Tanya Vance
59%
No matching quizzes found
Score Distribution
Percent of People with Each Score
Percentile by Number Answered
Your Score History
You have not taken this quiz